| 000 | 00386nam a2200145 a 4500 | ||
|---|---|---|---|
| 001 | 000031803 | ||
| 005 | 20200930063207.0 | ||
| 008 | 110706s2010 dr 000 0 spa d | ||
| 040 |
_aDO-SdBNP _bspa _cBNPHU |
||
| 082 |
_axxx _bE79 |
||
| 110 | 1 |
_aPartido V República _958021 |
|
| 245 | 1 | 0 | _aEstatutos. |
| 260 |
_aSanto Domingo : _bPartido V República, _c2010. |
||
| 300 |
_a46 p. ; _c22 cm. |
||
| 999 |
_c31295 _d31295 |
||